Personnages d'Epic: the musical décrits n'importe comment - Statistiques

Statistiques générales
  • Ce quiz a été pris 125 fois
  • Le résultat moyen est 21 sur 30
Statistiques - réponses
Hint Réponse % Correct
Il a tué un bébé, massacré une colonie de sirènes, assassiné 108 prétendants, n'est pas parvenu à sauver son équipage mais POUR RIEN AU MONDE il ne tromperait sa femme Ulysse/Odysseus
100%
Elle passe de déesse la plus aigrie à déesse la plus cool Athéna
99%
La plus grosse misandre de tous les temps mais elle retourne sa veste à la fin Circé
97%
Il adore organiser des jeux mais il est très mauvais joueur Zeus
97%
Le dealer de drogues qui flirte avec son arrière-petit-fils Hermès
96%
Elle s'en fiche que son mari ait tué des tas de gens, du moment qu'il refuse de déplacer le lit en bois d'olivier, tout va bien Pénélope
96%
Un petit loup qui rêve de vivre autant d'aventures que son père (sans les traumas si possible) Télémaque/Telemachus
96%
Il contrôle les océans mais se fait hagra par un mortel en une chanson Poséidon
94%
Elle a été victime de la plus grosse friendzone de tous les temps Calypso
93%
Heureusement que le personnage principal est aussi fidèle, sans ça elle ne l'aurait jamais libéré Héra
92%
Elle refuse de libérer le personnage principal mais quand on y pense, c'est un peu de sa faute si tout ça est arrivé (cf : l'Illiade) Aphrodite
91%
Elle n'apparaît que dans une seule chanson mais qu'est-ce qu'elle fait peur Scylla
89%
Elles ont fini en sushis les Sirènes
86%
Un comble pour le dieu de la musique de ne chanter que si peu Apollon
84%
Il a dû se régaler devant le massacre des prétendants Arès
84%
Un pancake Polites
83%
Il s'en fiche un peu des jeux, il veut juste forger tranquille Héphaïstos
81%
Il a l'œil aux aguets (pas pour très longtemps lol) Polyphème/Polyphemus
81%
Pas foutu de laisser un sac fermé Euryloque/Eurylochus
78%
Un immense bâtard mais qu'est-ce qu'il chante bien Antinoos/Antinous
67%
Il dit tout le temps qu'il voit mais il voit rien Tirésias
56%
Ils sont là pour faire des peluches Winions
49%
Accompagne souvent la première mais il est vaincu plus facilement Charybde/Charybdis
47%
Leur maîtresse Aeolus
44%
Elle attendra son fils pour toujours Anticlée/Anticlea
36%
Cet idiot est mort en tombant d'un toit (oui oui c'est vrai) Elpenor
26%
Il a le seum parce qu'au départ, il devait avoir un rôle beaucoup plus important dans l'histoire donc pour se venger, il a poignardé son capitaine Périmède/Perimedes
20%
Un prétendant qui a tenté de convaincre le roi de l'épargner (évidemment ça n'a pas marché) Eurymachus
17%
Il s'est fait buter par le petit loup Amphinomus
12%
Il a voulu buter le petit loup (évidemment ça n'a pas marché) Melanthius
12%
Aucun quiz correspondant
Distribution des résultats
% des personnes avec chaque résultat
Percentile par nombre de réponses
Votre historique - résultats
Vous n’avez pas pris ce quiz